000 00252nam a2200085Ia 4500
005 20250424112845.0
008 250424s9999 xx 000 0 und d
650 _aWomen--Health and hygiene--Africa--Periodicals. Diseases--Africa--Periodicals.
942 _cSR
999 _c37533
_d37533